[Event "Parsvnath Commonwealth ch 2010"]
[Site "Nueva Delhi IND"]
[Date "2010.05.18"]
[Round "11.32"]
[White "Satyapragyan, Swayangsu"]
[Black "Ganesh, Bhat R"]
[Result "1-0"]
[WhiteElo "2463"]
[BlackElo "2192"]
[PlyCount "49"]
[EventDate "2010.05.10"]
[EventType "swiss"]
[EventRounds "11"]
[EventCountry "IND"]
[Source "lmi"]
[SourceDate "2010.05.10"]

1. e4 c5 2. Nf3 d6 3. Bc4 e6 4. d3 Nf6 5. Bb3 Be7 6. c3 Nc6 7. O-O O-O 8. Re1
b5 9. d4 Qc7 10. dxc5 dxc5 11. e5 Ng4 12. Bf4 c4 13. Bc2 Qb6 14. Bg3 Bb7 15.
Nbd2 Rad8 16. Qe2 Nh6 17. Bf4 Nf5 18. Ne4 Nb8 19. g4 Nh4 20. Nxh4 Bxh4 21. g5
Bxe4 22. Bxe4 h6 23. Be3 Qc7 24. Qh5 Qxe5 25. Qxh4 1-0

[Event "Parsvnath Commonwealth ch 2010"]
[Site "Nueva Delhi IND"]
[Date "2010.05.18"]
[Round "11.33"]
[White "Himanshu, Sharma"]
[Black "Gahan, M.G."]
[Result "1-0"]
[WhiteElo "2440"]
[BlackElo "2170"]
[PlyCount "57"]
[EventDate "2010.05.10"]
[EventType "swiss"]
[EventRounds "11"]
[EventCountry "IND"]
[Source "lmi"]
[SourceDate "2010.05.10"]

1. e4 c5 2. Nf3 e6 3. d3 d5 4. Nbd2 Nc6 5. g3 g6 6. Bg2 Bg7 7. O-O Nge7 8. Re1
O-O 9. c3 Re8 10. e5 b5 11. Nb3 c4 12. Nc5 Qb6 13. d4 a5 14. Bf4 b4 15. Qd2 a4
16. a3 bxc3 17. bxc3 Qa7 18. h4 Na5 19. Nh2 Bd7 20. Ng4 Kh8 21. Nf6 Bxf6 22.
exf6 Ng8 23. h5 e5 24. hxg6 hxg6 25. Bxe5 Kh7 26. Bxd5 Bc6 27. Bxc6 Nxc6 28.
Kg2 Rxe5 29. dxe5 1-0

[Event "Parsvnath Commonwealth ch 2010"]
[Site "Nueva Delhi IND"]
[Date "2010.05.18"]
[Round "11.35"]
[White "Tejas, Ravichandran"]
[Black "Abhishek, Das"]
[Result "1/2-1/2"]
[WhiteElo "2165"]
[BlackElo "2331"]
[PlyCount "81"]
[EventDate "2010.05.10"]
[EventType "swiss"]
[EventRounds "11"]
[EventCountry "IND"]
[Source "lmi"]
[SourceDate "2010.05.10"]

1. Nf3 d5 2. d4 e6 3. c4 c5 4. cxd5 exd5 5. g3 Nc6 6. Bg2 Nf6 7. O-O Be7 8. Nc3
O-O 9. Bg5 c4 10. Ne5 Be6 11. Nxc6 bxc6 12. b3 Qa5 13. Qc2 Rad8 14. Na4 c5 15.
dxc5 Bxc5 16. Bxf6 gxf6 17. Rad1 Be7 18. Rd4 f5 19. Bh3 Bf6 20. Rf4 Bg5 21. Rf3
d4 22. bxc4 Rc8 23. c5 Bd7 24. Ra3 Qb4 25. Qb3 Rb8 26. Bg2 Bd2 27. c6 Qd6 28.
Qd3 Bb4 29. Rb3 Bxc6 30. Bxc6 Qxc6 31. Nb2 Bc3 32. Nc4 Rxb3 33. axb3 Qe4 34.
Rd1 Rb8 35. e3 Rxb3 36. exd4 Qxd3 37. Rxd3 a5 38. Nd2 Rb2 39. Rxc3 Rxd2 40. Rc4
Ra2 41. Rc8+ 1/2-1/2